Đàm thoại tiếng Anh
Đàm thoại tiếng Anh là cuốn sách thực tiễn hữu ích cho các bạn đang học Anh ngữ, được biên soạn nhằm giúp cho các bạn một phương tiện tự học để đàm thoại và thực hành tiếng Anh ngày càng tốt hơn. Bộ sách gồm 3 phân, được trình bày lôg...
Guardat en:
| Autor principal: | |
|---|---|
| Format: | Llibre |
| Idioma: | Undetermined |
| Publicat: |
Thành phố Hồ Chí Minh
Thống kê
2007
|
| Matèries: | |
| Etiquetes: |
Afegir etiqueta
Sense etiquetes, Sigues el primer a etiquetar aquest registre!
|
| Thư viện lưu trữ: | Trung tâm Học liệu Trường Đại học Cần Thơ |
|---|
| LEADER | 01141nam a2200229Ia 4500 | ||
|---|---|---|---|
| 001 | CTU_129449 | ||
| 008 | 210402s9999 xx 000 0 und d | ||
| 020 | |c 15000 | ||
| 082 | |a 428.34 | ||
| 082 | |b H513/T.3 | ||
| 100 | |a Hùng Thắng | ||
| 245 | 0 | |a Đàm thoại tiếng Anh | |
| 245 | 0 | |c Hùng Thắng , Thanh Hương | |
| 260 | |a Thành phố Hồ Chí Minh | ||
| 260 | |b Thống kê | ||
| 260 | |c 2007 | ||
| 520 | |a Đàm thoại tiếng Anh là cuốn sách thực tiễn hữu ích cho các bạn đang học Anh ngữ, được biên soạn nhằm giúp cho các bạn một phương tiện tự học để đàm thoại và thực hành tiếng Anh ngày càng tốt hơn. Bộ sách gồm 3 phân, được trình bày lôgic, đẹp mắt, dễ đọc, dễ học và dễ hiểu. | ||
| 650 | |a English language,English language,Tiếng Anh | ||
| 650 | |x Spoken english,Đàm thoại tiếng Anh | ||
| 904 | |i Giang | ||
| 910 | |a Sách kèm CD số: AVB.000085 | ||
| 980 | |a Trung tâm Học liệu Trường Đại học Cần Thơ | ||